000
00325nam a22001457a 4500
008
221018b ||||| |||| 00| 0 eng d
020
_a
9789951550499
041
_a
eng
080
_a
721
082
_a
721 MAL
100
_a
20.1
101
_a
GJEO
245
_a
GJEOMATIKA & GJEINFORMATIKA
_c
EDON MALIQI
942
_2
udc
_c
BK
999
_c
58597
_d
58597